| 000 | 00518nam a2200181Ia 4500 | ||
|---|---|---|---|
| 008 | 220531s9999 xx 000 0 und d | ||
| 041 | _amar | ||
| 100 |
_aबडवे स.संपा. _963578 |
||
| 245 | _aमोरोपंतांची श्लोककेकावली | ||
| 250 | _a1ST | ||
| 260 |
_aShrirampur _bShabdalay _c2014 |
||
| 300 | _a160 | ||
| 542 | _d31-01-2015 | ||
| 551 |
_aMarathi _bGrantabal-MRA |
||
| 650 |
_aMarathi _963579 |
||
| 906 |
_d2014-2015 _f6487 |
||
| 999 |
_c36103 _d36103 |
||